Principles of CMOS VLSI design (Record no. 2744)

000 -LEADER
fixed length control field 00701nam a2200229 a 4500
001 - CONTROL NUMBER
control field 2744
003 - CONTROL NUMBER IDENTIFIER
control field BD-DhUET
008 - FIXED-LENGTH DATA ELEMENTS--GENERAL INFORMATION
fixed length control field 920421s1993 mauaf b 001 0 eng
020 ## - INTERNATIONAL STANDARD BOOK NUMBER
International Standard Book Number 0201533766
040 ## - CATALOGING SOURCE
Original cataloging agency DLC
Transcribing agency DLC
Modifying agency BD-DhUET
082 00 - DEWEY DECIMAL CLASSIFICATION NUMBER
Classification number 623.8173
Item number WES/1992
100 1# - MAIN ENTRY--PERSONAL NAME
Personal name Weste, Neil H. E.
245 10 - TITLE STATEMENT
Title Principles of CMOS VLSI design
Remainder of title a systems perspective
Statement of responsibility, etc. by Neil H.E. Weste and Kamran Eshraghian
250 ## - EDITION STATEMENT
Edition statement 2nd ed.
260 ## - PUBLICATION, DISTRIBUTION, ETC. (IMPRINT)
Place of publication, distribution, etc. New York
Name of publisher, distributor, etc. Addison-Wesley Publishing
Date of publication, distribution, etc. 1993
300 ## - PHYSICAL DESCRIPTION
Extent xxii, 713 p.
490 ## - SERIES STATEMENT
Series statement The VLSI system series
504 ## - BIBLIOGRAPHY, ETC. NOTE
Bibliography, etc Includes bibliographies
650 #0 - SUBJECT ADDED ENTRY--TOPICAL TERM
Topical term or geographic name as entry element Integrated circuits- VLSI-Design and construction
700 ## - ADDED ENTRY--PERSONAL NAME
Personal name Eshraghian, Kamran
942 ## - ADDED ENTRY ELEMENTS (KOHA)
Koha item type General Book
Holdings
Not for loan Location (home branch) Source of classification or shelving scheme Koha date last borrowed Price effective from Koha date last seen Koha item type Damaged status Copy number Koha normalized classification for sorting Shelving location Piece designation (barcode) Date acquired Koha issues (times borrowed) Sublocation or collection (holding branch) Koha full call number Lost status Withdrawn status
 Central Library, BUET  2014-09-302014-09-30General Book 1623_817300000000000_WES_1993Circulation section1077182014-09-30 Central Library, BUET623.8173/WES/1993  
 Central Library, BUET 2014-12-132014-09-302015-01-10General Book 2623_000000000000000_8173WES199Circulation section1078012014-09-301Central Library, BUET623.8173/WES/1993  
 Central Library, BUET  2014-10-292014-10-29General Book 3623_000000000000000_8173WES199Circulation section911212014-10-29 Central Library, BUET623.8173/WES/1993  
 Central Library, BUET  2014-10-292014-10-29General Book 4623_817300000000000_WES_1993Circulation section911192014-10-29 Central Library, BUET623.8173/WES/1993  
 Central Library, BUET  2014-11-012014-11-01General Book 5623_000000000000000_8173WES199Circulation section911202014-11-01 Central Library, BUET623.8173/WES/1992  
 Central Library, BUET 2018-08-142014-11-012018-08-27General Book 6623_000000000000000_8173WES199Circulation section911242014-11-011Central Library, BUET623.8173/WES/1992  
 Central Library, BUET  2014-11-092017-01-01General Book 7623_000000000000000_8173WES199Circulation section911232014-11-09 Central Library, BUET623.8173/WES/1993  
 Central Library, BUET  2015-07-022015-07-02Reading Item 8623_817300000000000_WES_1993Reading section905882015-07-02 Central Library, BUET623.8173/WES/1993  
 Central Library, BUET  2019-01-302019-01-30General Book 9623_817300000000000_WES_1993Circulation section911221997-04-28 Central Library, BUET623.8173/WES/1993